000 00843nam a2200229 i 4500
001 189719
003 ES-MaACL
005 20251003200310.0
007 t|
008 190930s1965 sp ||||1| spa d
111 0 _aConcilio Vaticano (
_n2º.
_d1962-1965)
_9122
245 1 0 _aDecreto sobre el oficio pastoral de los obispos en la Iglesia /
_c[traducción de José Guillén] ; presentación de Mons. N. Jubany obispo de Gerona.
260 _aSalamanca :
_bSígueme,
_c1965.
300 _a79 p. ;
_c23 cm.
490 1 _aColección "Iglesia, Siglo XX" ;
_v20
650 0 7 _aObispos
_2embne
_915655
700 1 _aGuillén, José,
_d1913-
_960769
700 1 _aJubany i Arnau, Narcís (
_d1913-1996)
_9140069
830 0 0 _aColección "Iglesia, siglo XX"
_v20
_9182791
852 _aES-MaACL
_jP-863-Bis-12
999 _c189719
_d189719